Capitales et plus grandes villes des États des États-Unis - Statistiques

Statistiques générales
  • Ce quiz a été pris 5 016 fois
    3 862 depuis la dernière actualisation
  • Le résultat moyen est 52 sur 100
Statistiques - réponses
État Capitale Ville la plus peuplée % Correct
Los Angeles
94%
New York
94%
Chicago
86%
Massachusetts Boston 25
83%
Colorado Denver 8
81%
Géorgie Atlanta 14
80%
Las Vegas
79%
Houston
78%
Arizona Phoenix 3
78%
Seattle
76%
Indiana Indianapolis 18
75%
Californie Sacramento 5
74%
La Nouvelle-Orléans
72%
Texas Austin 43
71%
Détroit
71%
Hawaï Honolulu 15
70%
Oklahoma Oklahoma City 38
69%
Philadelphie
69%
Utah Salt Lake City 44
68%
Louisiane Baton-Rouge 22
64%
Mississippi Jackson 28
64%
Charlotte
63%
Portland
63%
Kansas City
60%
Tennessee Nashville 42
58%
Alaska Juneau 2
54%
Minneapolis
54%
Jacksonville
52%
Iowa Des Moines 19
51%
Nouveau-Mexique Santa Fe 35
50%
Illinois Springfield 17
50%
New York Albany 36
49%
Albuquerque
49%
Alabama Montgomery 1
49%
Anchorage
48%
Ohio Columbus 37
48%
Vermont Montpelier 45
48%
Caroline du Nord Raleigh 6
48%
Idaho Boise 16
47%
Floride Tallahassee 13
47%
Arkansas Little Rock 4
46%
Milwaukee
46%
Dakota du Sud Pierre 11
45%
Oregon Salem 39
45%
Baltimore
44%
Wyoming Cheyenne 50
44%
Rhode Island Providence 41
44%
Virginie Occidentale Charleston 47
43%
Caroline du Sud Columbia 7
43%
Washington Olympia 48
42%
Minnesota Saint Paul 27
42%
Nevada Carson City 32
41%
Montana Helena 30
41%
Virginie Richmond 46
41%
Dakota du Nord Bismarck 10
40%
Louisville
40%
Maine Augusta 23
39%
Nebraska Lincoln 31
39%
Kansas Topeka 20
39%
Delaware Dover 12
38%
Kentucky Frankfort 21
38%
Connecticut Hartford 9
38%
Wisconsin Madison 49
38%
Maryland Annapolis 24
37%
Pennsylvanie Harrisburg 40
37%
Missouri Jefferson City 29
36%
New Jersey Trenton 34
36%
New Hampshire Concord 33
35%
Michigan Lansing 26
35%
Newark
29%
Omaha
29%
Sioux Falls
27%
Virginia Beach
26%
Wichita
25%
Fargo
23%
Billings
20%
Burlington
20%
Manchester
20%
Wilmington
17%
Bridgeport
16%
Aucun quiz correspondant
Distribution des résultats
% des personnes avec chaque résultat
Percentile par nombre de réponses
Votre historique - résultats
Vous n’avez pas pris ce quiz depuis la dernière actualisation